000 01069nam a2200301Ia 4500
001 Para_8845
003 CHAP
008 220125s2004 xx 000 0 und d
010 _a207608
040 _cCHAP
090 _aPA TESIS 1807
100 _aMorales Morales, Lizardi Noé
_978352
245 _aInfluencia del tipo de suelo en el control de Phalaris Minor Retz. y avena fatua L. por Tralkoxidim y Clodinafop-Propargil /
_c por Lizardi Noé Morales Morales
260 _aChapingo, Méx. :
_b el autor
300 _a40 h.
502 _aTesis (Ing. Agr. Esp. en Parasitología Agrícola) -- UACh. Departamento Parasitología Agrícola
650 _aHerbicidas
_x Efecto en suelos
_953697
650 _aMalas hierbas
_x control
_970011
650 _aMalas hierbas
_x resistencia a herbicidas
710 _aUACh. Departamento Parasitología Agrícola
_9164025
901 _aPA TESIS 1807
902 _aA
905 _a0000002004 n 0000000000 00
910 _a2004
942 _cPARA
942 _cPARA
_d1
999 _c207608
_d207608